[Event "Detroit (MOR/3/45)"]
[Site "?"]
[Date "1994.??.??"]
[Round "?"]
[White "Mitchell, Dave"]
[Black "Spencer, Gordon"]
[Result "0-1"]
[WhiteElo "1605"]
[BlackElo "1605"]
[PlyCount "68"]
[EventDate "1994.??.??"]

{3/(45)} 1. Nf3 Nf6 2. d4 d5 3. Bg5 Nbd7 4. e3 e6 5. Nbd2 Be7 6. Bd3 O-O 7. c3
a6 8. O-O c5 9. Rc1 c4 10. Bb1 b5 11. Ne5 Nxe5 12. dxe5 Nd7 13. Bxe7 Qxe7 14.
f4 f5 15. Rf3 g6 16. Rg3 Kf7 17. Nf3 h6 18. Nd4 Bb7 19. Bxf5 exf5 20. e6+ Ke8
21. exd7+ Kxd7 22. Qe2 Rg8 23. Nf3 Kc7 24. Rd1 Rae8 25. Nd4 Qe4 26. Qf3 Kd6 27.
Qxe4 fxe4 28. Rf1 Bc8 29. f5 g5 30. f6 Ref8 31. Nf5+ Bxf5 32. Rxf5 Rf7 33. h4
Ke6 34. hxg5 Kxf5 0-1

[Event "Detroit (MOR/7/48)"]
[Site "?"]
[Date "1994.??.??"]
[Round "?"]
[White "Mitchell, Dave"]
[Black "Rodriguez, James"]
[Result "1-0"]
[WhiteElo "1605"]
[BlackElo "1605"]
[PlyCount "66"]
[EventDate "1994.??.??"]

{7/(48)} 1. d4 d5 2. Nf3 f5 3. Bg5 h6 4. Bf4 g5 5. Bd2 f4 6. e3 fxe3 7. fxe3
Bg7 8. Bb5+ c6 9. Bd3 Qd6 10. O-O Nd7 11. Nc3 e5 12. dxe5 Bxe5 13. Nxe5 Nxe5
14. Qh5+ Kd7 15. Qe2 Nf6 16. h3 Ke7 17. Bf5 Bxf5 18. Rxf5 g4 19. Raf1 Raf8 20.
h4 g3 21. e4 dxe4 22. Bf4 Qe6 23. Rxe5 Rhg8 24. Rxe6+ Kxe6 25. Qc4+ Nd5 26.
Qxe4+ Kd7 27. Nxd5 cxd5 28. Qxd5+ Kc8 29. Qc5+ Kd7 30. Qc7+ Ke6 31. Qe5+ Kf7
32. Bxh6+ Kg6 33. Rxf8 Kh7 1-0

[Event "Detroit (MOR/5/61)"]
[Site "?"]
[Date "1994.??.??"]
[Round "?"]
[White "Mitchell, Dave"]
[Black "Rodriguez, Brian"]
[Result "1-0"]
[WhiteElo "1605"]
[BlackElo "1605"]
[PlyCount "57"]
[EventDate "1994.??.??"]

{5/(61)} 1. e4 e5 2. d4 Nc6 3. d5 Na5 4. Bd2 b6 5. Nf3 f6 6. Nxe5 fxe5 7. Qh5+
Ke7 8. Qxe5+ Kf7 9. Be2 Nf6 10. Bg5 Qe7 11. Qxe7+ Bxe7 12. b4 Bxb4+ 13. Bd2 Bc5
14. Nc3 c6 15. Bf4 cxd5 16. Nb5 Ba6 17. Nc7 Rac8 18. Nxa6 Ba3 19. O-O Nxe4 20.
Be5 Rxc2 21. Bh5+ g6 22. Bxg6+ hxg6 23. Bxh8 Ke7 24. Rfd1 Kd6 25. Rd3 Bb2 26.
Bxb2 Rxb2 27. Re1 Nxf2 28. Rg3 Rxa2 29. Rxg6# 1-0

[Event "Detroit (MCO/DEU/2a/10)"]
[Site "?"]
[Date "1994.??.??"]
[Round "?"]
[White "Miller, Jess"]
[Black "Haragely, C."]
[Result "1-0"]
[WhiteElo "1605"]
[BlackElo "1605"]
[PlyCount "61"]
[EventDate "1994.??.??"]

1. d4 d5 2. e3 Nf6 3. Bd3 Nc6 4. c3 e5 5. Nd2 e4 6. Bc2 Be7 7. f3 exf3 8. Ngxf3
O-O 9. O-O Bd6 10. e4 dxe4 11. Nxe4 Nxe4 12. Bxe4 Re8 13. Bxh7+ Kxh7 14. Ng5+
Kg8 15. Qh5 Qxg5 16. Qxf7+ Kh7 17. Bxg5 Be6 18. Qh5+ Kg8 19. Rae1 Bd7 20. Qf7+
Kh8 21. Rxe8+ Rxe8 22. Qxd7 Be7 23. Qxe8+ Kh7 24. Bxe7 Nxe7 25. Qxe7 c5 26.
dxc5 Kh6 27. Rf5 b6 28. h4 bxc5 29. Qg5+ Kh7 30. Rf7 a5 31. Qxg7# 1-0

[Event "Romulus (RVO/2/32)"]
[Site "?"]
[Date "1994.??.??"]
[Round "?"]
[White "Miller, J."]
[Black "Whitaker, Deshontae"]
[Result "1-0"]
[WhiteElo "1605"]
[BlackElo "1605"]
[PlyCount "91"]
[EventDate "1994.??.??"]

{2/(32)} 1. d4 d5 2. e3 Nf6 3. Bd3 Nc6 4. Nd2 Bd7 5. f4 Nb4 6. Qe2 a6 7. c3
Nxd3+ 8. Qxd3 Bb5 9. Qc2 e6 10. a4 Bc6 11. Ngf3 Bd6 12. Ne5 Bxe5 13. fxe5 Ng4
14. Nf3 O-O 15. h3 Nh6 16. b3 Nf5 17. Qf2 b5 18. Ba3 Re8 19. a5 Bd7 20. g4 Ne7
21. Bb4 Nc6 22. Rf1 Nxb4 23. cxb4 Rf8 24. g5 Qe7 25. Qd2 c6 26. h4 Rad8 27.
O-O-O Bc8 28. Rf2 Bb7 29. Rg1 Ba8 30. Kb2 Bb7 31. Ka3 Bc8 32. h5 g6 33. h6 Bb7
34. Nh2 Rde8 35. Qe2 Bc8 36. Qf3 Bd7 37. Qf4 Bc8 38. Ng4 Rd8 39. Rc1 Bb7 40.
Rfc2 Rc8 41. Nf2 Rc7 42. Nd3 Ba8 43. Nc5 Rcc8 44. Nd7 Qxd7 45. Qf6 Qe8 46. Qg7#
1-0

[Event "Detroit (Class DE/3/4)"]
[Site "?"]
[Date "1994.??.??"]
[Round "?"]
[White "Miller, J."]
[Black "Vangilder, W."]
[Result "1-0"]
[WhiteElo "1605"]
[BlackElo "1605"]
[PlyCount "109"]
[EventDate "1994.??.??"]

{3/(4)} 1. d4 d5 2. e3 e6 3. c4 Nf6 4. Nf3 Be7 5. Nbd2 O-O 6. Bd3 dxc4 7. Nxc4
Nbd7 8. O-O Re8 9. Qc2 Nf8 10. Nce5 N6d7 11. Nxd7 Bxd7 12. Bd2 Rc8 13. Rac1 c5
14. Qd1 cxd4 15. Nxd4 a6 16. Be4 e5 17. Nf3 Bc6 18. Bxc6 bxc6 19. Nxe5 Qd5 20.
Nc4 Bf6 21. Nb6 Qxa2 22. Nxc8 Rxc8 23. Bc3 Bxc3 24. bxc3 Qc4 25. Qd4 Qe6 26.
Rfd1 Ng6 27. Qd7 Qxd7 28. Rxd7 Ra8 29. Rcd1 Nf8 30. Rd8 Ra7 31. Rb1 g6 32. Rbb8
Kg7 33. Rxf8 a5 34. Rfc8 a4 35. Ra8 Rb7 36. g3 Rb3 37. Rxa4 Rxc3 38. Ra7 h5 39.
Rac7 h4 40. Rxc6 Rd3 41. Kg2 g5 42. gxh4 gxh4 43. Rc4 Rd6 44. Rxh4 Rg6+ 45. Kf3
Rf6+ 46. Rf4 Rh6 47. Kg3 Kh7 48. Rxf7+ Kg6 49. Rf4 Kg7 50. Rc7+ Kg6 51. Rh4 Rh5
52. Rxh5 Kxh5 53. Rg7 Kh6 54. Rg4 Kh7 55. e4 1-0

[Event "Gaylord (NMO/2/6)"]
[Site "?"]
[Date "1994.??.??"]
[Round "?"]
[White "Miller, J."]
[Black "Stockton, T."]
[Result "0-1"]
[WhiteElo "1605"]
[BlackElo "1765"]
[PlyCount "68"]
[EventDate "1994.??.??"]

{2/(6)} 1. d4 d5 2. e3 Nf6 3. Bd3 g6 4. Nd2 Bg7 5. Ngf3 O-O 6. c4 c6 7. b3 c5
8. Bb2 cxd4 9. Bxd4 Nc6 10. O-O Nxd4 11. exd4 Bg4 12. h3 dxc4 13. Bxc4 Bf5 14.
Rc1 Ne8 15. d5 Bb2 16. Rb1 Bxb1 17. Qxb1 Bg7 18. Re1 Nd6 19. Ne4 Rc8 20. Qd3 a6
21. Nxd6 Qxd6 22. Qe4 Rc7 23. a4 Rd8 24. Rd1 Bf6 25. h4 Rc5 26. Qg4 b5 27. b4
Rxc4 28. Qh3 h5 29. axb5 axb5 30. g3 Qxb4 31. Qf1 Qc5 32. Qe2 Rxd5 33. Rxd5
Qxd5 34. Qa2 Rc1+ 0-1

[Event "Gaylord (NMO/3/13)"]
[Site "?"]
[Date "1994.??.??"]
[Round "?"]
[White "Miller, J."]
[Black "Smalec, Joseph"]
[Result "1-0"]
[WhiteElo "1605"]
[BlackElo "1605"]
[PlyCount "71"]
[EventDate "1994.??.??"]

{3/(13)} 1. d4 d5 2. e3 Bd7 3. Bd3 e6 4. c3 Bd6 5. f4 Nf6 6. Nd2 Ne4 7. Nxe4
dxe4 8. Bxe4 Bc6 9. Bxc6+ Nxc6 10. Nf3 O-O 11. O-O Na5 12. Qd3 c5 13. Bd2 c4
14. Qc2 Be7 15. f5 exf5 16. Qxf5 Rc8 17. e4 Nc6 18. Qg4 b5 19. Bh6 Bf6 20. e5
g6 21. Bxf8 Qxf8 22. exf6 Qe8 23. Rae1 Qd8 24. Ne5 b4 25. Nxc6 Rxc6 26. Qg5
bxc3 27. bxc3 Ra6 28. Rf2 h6 29. Qxh6 Qf8 30. Qxf8+ Kxf8 31. Re7 Ra3 32. Rc2
Ra6 33. Rf2 Ra3 34. g4 Rxc3 35. Rxa7 Rc1+ 36. Kg2 1-0

[Event "Grand Rapids (MI Am/4/31)"]
[Site "?"]
[Date "1994.??.??"]
[Round "?"]
[White "Miller, J."]
[Black "Smalec, Joseph"]
[Result "1-0"]
[WhiteElo "1605"]
[BlackElo "1605"]
[PlyCount "43"]
[EventDate "1994.??.??"]

{4/(31)} 1. d4 d5 2. e3 e6 3. Nf3 e5 4. Nxe5 Qf6 5. Nf3 Bg4 6. Be2 Bxf3 7. Bxf3
Qg6 8. Bxd5 Nf6 9. Bxb7 Be7 10. Bxa8 O-O 11. Bf3 Nh5 12. O-O Bd6 13. Bxh5 Qg5
14. h3 Nc6 15. e4 Qf6 16. c3 Rd8 17. Qf3 Qxf3 18. Bxf3 Ne7 19. e5 c5 20. exd6
Rxd6 21. Re1 Nf5 22. Re8# 1-0

[Event "Grand Rapids (MI Am/2/33)"]
[Site "?"]
[Date "1994.??.??"]
[Round "?"]
[White "Miller, J."]
[Black "Russell, J."]
[Result "1-0"]
[WhiteElo "1605"]
[BlackElo "1605"]
[PlyCount "101"]
[EventDate "1994.??.??"]

{2/(33)} 1. d4 Nf6 2. e3 d5 3. c4 e6 4. Nf3 c5 5. Bd3 b6 6. Nc3 Bb7 7. O-O Be7
8. Re1 Nc6 9. b3 Nb4 10. e4 cxd4 11. Nxd4 Bc5 12. Nf3 d4 13. Na4 Be7 14. a3 Nc6
15. e5 Nd7 16. Be4 Nc5 17. Bxc6+ Bxc6 18. Nxd4 Bd7 19. Nxc5 bxc5 20. Nf3 O-O
21. Ra2 Rb8 22. Rd2 Rb7 23. Re3 Qc8 24. Red3 Rd8 25. Ne1 Bg5 26. Re2 Bxc1 27.
Qxc1 Bc6 28. Rxd8+ Qxd8 29. Rd2 Rd7 30. Rxd7 Qxd7 31. Qc2 a6 32. Qd3 Qe7 33.
Qd6 Qd7 34. Qxd7 Bxd7 35. Nd3 a5 36. Nxc5 Be8 37. b4 Kf8 38. b5 Ke7 39. b6 Bc6
40. Nb3 a4 41. Na5 Kd7 42. c5 Bb5 43. b7 Kc7 44. f4 Kb8 45. Kf2 Kc7 46. Ke3 Ba6
47. Kd4 Bxb7 48. Nxb7 Kxb7 49. Kc4 Kc6 50. Kb4 Kd5 51. Kb5 1-0

[Event "Gaylord (NMO/5/12)"]
[Site "?"]
[Date "1994.??.??"]
[Round "?"]
[White "Miller, J."]
[Black "Priebe, Raymond"]
[Result "1-0"]
[WhiteElo "1605"]
[BlackElo "1605"]
[PlyCount "78"]
[EventDate "1994.??.??"]

{5/(12)} 1. d4 Nf6 2. e3 e6 3. Nd2 d5 4. Bd3 Nc6 5. a3 e5 6. c3 e4 7. Bc2 Bg4
8. f3 exf3 9. Ngxf3 Bxf3 10. Qxf3 Qd7 11. O-O Qg4 12. Qxg4 Nxg4 13. Nf3 Bd6 14.
h3 Nf6 15. Bd2 Bg3 16. Be1 Nh5 17. Ng5 Bxe1 18. Raxe1 Nf6 19. e4 O-O-O 20. Nxf7
Rhe8 21. Nxd8 Kxd8 22. exd5 Rxe1 23. Rxe1 Nxd5 24. Bxh7 Nf4 25. Be4 Kd7 26.
Bxc6+ Kxc6 27. b4 Kb5 28. Re7 Ka4 29. Rxc7 Nd5 30. Rxb7 Kxa3 31. Rxa7+ Kb3 32.
Rxg7 Nxc3 33. b5 Ne2+ 34. Kf2 Nxd4 35. b6 Ne6 36. Re7 Nc5 37. b7 Na6 38. Rh7
Nb8 39. Rh8 Nd7 1-0

[Event "Detroit (Class DE/1/16)"]
[Site "?"]
[Date "1994.??.??"]
[Round "?"]
[White "Miller, J."]
[Black "Hartwig, Thomas"]
[Result "1-0"]
[WhiteElo "1605"]
[BlackElo "1605"]
[PlyCount "85"]
[EventDate "1994.??.??"]

{1/(16)} 1. d4 Nf6 2. e3 e6 3. c4 Bb4+ 4. Bd2 Qe7 5. c5 Bxd2+ 6. Nxd2 d5 7.
Ngf3 O-O 8. Bd3 b6 9. b4 c6 10. Ne5 bxc5 11. bxc5 Qc7 12. Rb1 a5 13. a4 Ba6 14.
Bxa6 Nxa6 15. O-O Rab8 16. Ndf3 Rxb1 17. Qxb1 Nb8 18. Qb6 Qxb6 19. cxb6 Nbd7
20. b7 Rb8 21. Rb1 c5 22. Nc6 Re8 23. b8=Q Nxb8 24. Nxb8 c4 25. Nc6 c3 26. Nxa5
c2 27. Rc1 Rb8 28. Nd2 Ne4 29. Nab3 Nxd2 30. Nxd2 Rb2 31. a5 Ra2 32. a6 Rxa6
33. Rxc2 Ra1+ 34. Nf1 Kf8 35. h4 Ke7 36. g3 Kf6 37. Kg2 Kf5 38. Rc7 Kg6 39. g4
Rb1 40. Nh2 Rb2 41. Nf3 f5 42. Ne5+ Kf6 43. Rf7# 1-0

[Event "Detroit (MCO/DEU/5/8)"]
[Site "?"]
[Date "1994.??.??"]
[Round "?"]
[White "Miller, J."]
[Black "Calugaru, P."]
[Result "0-1"]
[WhiteElo "1605"]
[BlackElo "1605"]
[PlyCount "38"]
[EventDate "1994.??.??"]

{5/(8)} 1. d4 d5 2. e3 e6 3. Bd3 f5 4. Ne2 Bd6 5. g3 Nf6 6. Nd2 O-O 7. Nf3 Nbd7
8. b3 Qe7 9. Bb2 c6 10. Ne5 Bc7 11. Qd2 Nxe5 12. dxe5 Ng4 13. f4 Bb6 14. Bd4 c5
15. h3 Nh6 16. Bb2 Rd8 17. Qc3 Qc7 18. Bb5 Ba5 19. b4 Bxb4 0-1

[Event "Detroit (Class DE/4/2)"]
[Site "?"]
[Date "1994.??.??"]
[Round "?"]
[White "Miller, J."]
[Black "Belill, Matt"]
[Result "0-1"]
[WhiteElo "1605"]
[BlackElo "1605"]
[PlyCount "74"]
[EventDate "1994.??.??"]

{4/(2)} 1. d4 d5 2. e3 Nf6 3. c4 e6 4. Nf3 b6 5. Nbd2 Bb7 6. b3 Nbd7 7. Bd3 Bb4
8. O-O O-O 9. Qc2 Bxd2 10. Nxd2 e5 11. cxd5 Bxd5 12. e4 Bb7 13. Bb2 Re8 14.
Rfe1 exd4 15. Bxd4 Ne5 16. Bxe5 Rxe5 17. Re3 Qd7 18. Nf3 Rc5 19. Qb2 Ng4 20.
Rae1 Nxe3 21. Rxe3 Rd8 22. Qb1 Qc6 23. Re1 Rc3 24. Bc4 Qf6 25. Bd5 Bxd5 26.
exd5 g6 27. Qa1 Rxd5 28. h3 Kg7 29. Ne5 Rc2 30. Ng4 Qxa1 31. Rxa1 Rdd2 32. Re1
Rxa2 33. Re7 c5 34. Ne5 Rxf2 35. Kh2 Rxg2+ 36. Kh1 Rge2 37. Rxf7+ Kg8 0-1

[Event "Romulus (RVO/4/24)"]
[Site "?"]
[Date "1994.??.??"]
[Round "?"]
[White "Miller, J."]
[Black "Barta, Roger"]
[Result "1-0"]
[WhiteElo "1605"]
[BlackElo "1605"]
[PlyCount "46"]
[EventDate "1994.??.??"]

{4/(24)} 1. d4 d5 2. e3 Nf6 3. Nd2 e6 4. Bd3 c5 5. c3 Nc6 6. a3 Bd6 7. f4 O-O
8. Ngf3 Ng4 9. Bxh7+ Kh8 10. Qe2 g6 11. Bxg6 fxg6 12. g3 Kg7 13. Ng5 Nh6 14. h4
Nf5 15. Qf2 Be7 16. Ndf3 Bxg5 17. Nxg5 cxd4 18. cxd4 Bd7 19. Bd2 Na5 20. Bxa5
Qxa5+ 21. b4 Qc7 22. Ke2 Qc2+ 23. Kf3 Qe4+ 1-0

[Event "Flint (MI Coll/2)"]
[Site "?"]
[Date "1994.??.??"]
[Round "?"]
[White "Miller, Dan"]
[Black "Pope, Nick"]
[Result "1/2-1/2"]
[WhiteElo "1670"]
[BlackElo "1865"]
[PlyCount "76"]
[EventDate "1994.??.??"]

1. d4 d5 2. e3 Bf5 3. c4 e6 4. Bd2 Bxb1 5. Rxb1 Nf6 6. Nf3 c6 7. c5 Nbd7 8. b4
a6 9. Bd3 Be7 10. O-O O-O 11. Qc2 Re8 12. Bc3 Bf8 13. Ng5 g6 14. Nf3 Bg7 15.
Rfe1 Qc7 16. h3 Nh5 17. Be2 Nhf6 18. a4 Ne4 19. Ba1 e5 20. b5 exd4 21. exd4
axb5 22. axb5 Ra5 23. b6 Qf4 24. Bd3 Ndf6 25. Re2 Rea8 26. Bb2 Ra2 27. Rbe1
R8a3 28. Qb1 Nc3 29. Bxc3 Rxe2 30. Bxe2 Rxc3 31. Qa1 Ne4 32. Qa8+ Bf8 33. Qxb7
Rc1 34. Rxc1 Qxc1+ 35. Bf1 Qc2 36. Qa6 Qxf2+ 37. Kh2 Qg3+ 38. Kg1 Qf2+ 1/2-1/2

[Event "Flint (MI Coll/1)"]
[Site "?"]
[Date "1994.??.??"]
[Round "?"]
[White "Miller, Dan"]
[Black "Aldrich, Jeff"]
[Result "0-1"]
[WhiteElo "1670"]
[BlackElo "1900"]
[PlyCount "108"]
[EventDate "1994.??.??"]

1. d4 d5 2. e3 Nf6 3. c4 e6 4. Nf3 c6 5. Bd2 Nbd7 6. Bd3 Be7 7. O-O O-O 8. Qc2
h6 9. Nc3 a6 10. cxd5 exd5 11. Rfe1 Re8 12. e4 dxe4 13. Nxe4 Nxe4 14. Bxe4 Nf6
15. Bd3 Bg4 16. Ne5 Qxd4 17. Bc3 Qc5 18. h3 Be6 19. Bd2 Qxc2 20. Bxc2 Rad8 21.
Re2 Nd5 22. Nf3 Bf6 23. Rb1 c5 24. Bb3 b5 25. Bxd5 Bxd5 26. Be3 Bxa2 27. Ra1
Bc4 28. Ree1 b4 29. Bxc5 Bxb2 30. Rab1 Rxe1+ 31. Nxe1 Bc3 32. Bxb4 Rb8 33. Rc1
Bxb4 34. Rxc4 Bxe1 35. Rc2 a5 36. Kf1 Rb1 37. Ke2 Bb4 38. Kd3 a4 39. Kc4 a3 40.
Kd3 Rb2 41. Rxb2 axb2 42. Kc2 Ba3 43. Kb1 Kf8 44. Kc2 Ke7 45. Kb1 Kd6 46. Kc2
Kc5 47. Kb1 Kd4 48. Kc2 Kc4 49. f3 g5 50. g3 f5 51. Kb1 Kc3 52. h4 gxh4 53.
gxh4 h5 54. f4 Kd2 0-1

[Event "Detroit (Class DE/4/1)"]
[Site "?"]
[Date "1994.??.??"]
[Round "?"]
[White "Mihelich, John"]
[Black "Raupp, Kenneth A"]
[Result "1-0"]
[WhiteElo "1605"]
[BlackElo "1605"]
[PlyCount "79"]
[EventDate "1994.??.??"]

{4/(1)} 1. e4 e6 2. Nc3 d5 3. exd5 exd5 4. d4 c6 5. a3 Bd6 6. h3 Ne7 7. Nf3 Bf5
8. Bd3 Bxd3 9. Qxd3 Qc7 10. O-O Nd7 11. Re1 O-O-O 12. b4 Rdg8 13. Be3 h6 14.
Reb1 g5 15. a4 f5 16. b5 g4 17. bxc6 Nxc6 18. Nxd5 Qb8 19. Ne5 gxh3 20. g3
Ndxe5 21. dxe5 Nxe5 22. Qxf5+ Kd8 23. Qf6+ Kc8 24. Rb3 h2+ 25. Kg2 Rg6 26.
Qxh8+ Kd7 27. Qxb8 Bxb8 28. Rxb7+ Kd6 29. Rb5 Ng4 30. Bf4+ Kc6 31. Ne7+ Kd7 32.
Nxg6 Bxf4 33. Nxf4 Kc6 34. Rh5 Kb6 35. Kf3 h1=Q+ 36. Raxh1 a6 37. Kxg4 a5 38.
Rb5+ Ka7 39. Rxh6 Ka8 40. Ra6# 1-0

[Event "Detroit (Class DE/2/1)"]
[Site "?"]
[Date "1994.??.??"]
[Round "?"]
[White "Mihelich, John"]
[Black "McNeil, Yaking"]
[Result "1-0"]
[WhiteElo "1605"]
[BlackElo "1605"]
[PlyCount "61"]
[EventDate "1994.??.??"]

{2/(1)} 1. e4 c6 2. Nf3 d5 3. exd5 cxd5 4. d4 Nc6 5. Bb5 Bd7 6. Bxc6 Bxc6 7.
O-O e6 8. a3 Nf6 9. Bg5 Be7 10. Bxf6 Bxf6 11. h3 O-O 12. Nh2 Qb6 13. b4 Bb5 14.
Re1 Bxd4 15. Ng4 Bxa1 16. c3 d4 17. a4 Bd7 18. Ne5 Rfd8 19. Nc4 Qc6 20. Qxd4
Qd5 21. Qh4 Bxc3 22. Ne3 Qe5 23. f4 Qc7 24. Rf1 Bxa4 25. Nxc3 Qxc3 26. Rf3 Qxb4
27. Ng4 Qb1+ 28. Kh2 Qc2 29. Rg3 Kh8 30. Nf6 gxf6 31. Qxf6# 1-0

[Event "Detroit (MI Op/4/37)"]
[Site "?"]
[Date "1994.??.??"]
[Round "?"]
[White "Meza, L."]
[Black "Smith, Mike A"]
[Result "0-1"]
[WhiteElo "1750"]
[BlackElo "1975"]
[PlyCount "104"]
[EventDate "1994.??.??"]

{4/(37)} 1. e4 c6 2. d4 d5 3. Nc3 dxe4 4. Nxe4 Bf5 5. Bd3 Qxd4 6. Nf3 Qd8 7.
Be3 Bxe4 8. Bxe4 Qxd1+ 9. Rxd1 Nf6 10. Bd3 e6 11. O-O Nbd7 12. Rfe1 Bc5 13. Bg5
O-O 14. a3 h6 15. Bh4 Bd6 16. Bc4 Bc7 17. Nd4 Nd5 18. Bb3 g5 19. Bg3 Bxg3 20.
hxg3 Nc5 21. Ba2 Rad8 22. b4 Nc3 23. Rd2 Nxa2 24. bxc5 Nc3 25. Rd3 Nb5 26. Red1
Nxd4 27. Rxd4 Rd5 28. c4 Rxc5 29. Rd7 Rxc4 30. Rxb7 Ra4 31. Rd3 Kg7 32. Rc7 Ra6
33. Kf1 Kg6 34. g4 Rb8 35. f3 Rb1+ 36. Kf2 Rb2+ 37. Kg3 Rc2 38. Rdd7 Rxa3 39.
Rxf7 Raa2 40. Rg7+ Kf6 41. f4 Rxg2+ 42. Kf3 Raf2+ 43. Ke3 gxf4+ 44. Ke4 e5 45.
Rcf7+ Ke6 46. Re7+ Kd6 47. Rd7+ Kc5 48. Kxe5 f3 49. Kf4 Rf1 50. Rxa7 f2 51.
Ra5+ Kb6 52. Ra2 Rh1 0-1

[Event "Detroit (MI Op/6/39)"]
[Site "?"]
[Date "1994.??.??"]
[Round "?"]
[White "Meza, L."]
[Black "June, Brian"]
[Result "0-1"]
[WhiteElo "1750"]
[BlackElo "1865"]
[PlyCount "70"]
[EventDate "1994.??.??"]

{6/(39)} 1. e4 c5 2. Nf3 Nc6 3. d4 cxd4 4. Nxd4 g6 5. Be3 Bg7 6. Nxc6 bxc6 7.
c3 Nf6 8. f3 O-O 9. Bc4 d6 10. Na3 Qc7 11. Qd2 Rd8 12. O-O-O Bb7 13. Bb3 d5 14.
e5 Qxe5 15. Bf4 Qf5 16. g4 Qc8 17. h4 c5 18. h5 d4 19. hxg6 hxg6 20. Qd3 e6 21.
c4 Bc6 22. Rh3 e5 23. Bxe5 Nxg4 24. Bxg7 Nf2 25. Qd2 Qxh3 26. Qxf2 Kxg7 27. Rf1
Rh8 28. Bd1 Rae8 29. Rg1 Qh6+ 30. Kb1 Qf4 31. Nc2 Rh2 32. Rg2 Rxg2 33. Qxg2 d3
34. Na1 Qxc4 35. Nb3 Qd5 0-1

[Event "Detroit (MI Op/3/37)"]
[Site "?"]
[Date "1994.??.??"]
[Round "?"]
[White "Meza, L."]
[Black "Brady, Lindell"]
[Result "1/2-1/2"]
[WhiteElo "1750"]
[BlackElo "1935"]
[PlyCount "122"]
[EventDate "1994.??.??"]

{3/(37)} 1. e4 e5 2. f4 exf4 3. Nf3 Be7 4. Bc4 Bh4+ 5. Kf1 d6 6. d4 Be6 7. Bxe6
fxe6 8. Qe2 c6 9. Bxf4 Be7 10. Nc3 Qb6 11. Na4 Qa6 12. b3 Qxe2+ 13. Kxe2 Nf6
14. Ng5 Kd7 15. Nc3 h6 16. Nf3 Rf8 17. Be3 Na6 18. h3 Nc7 19. Rad1 Nh5 20. Kd2
b5 21. Ne2 Nf6 22. Ng3 a5 23. Kc1 b4 24. Kb2 Nb5 25. Bd2 Rac8 26. c4 bxc3+ 27.
Bxc3 Nxc3 28. Kxc3 c5 29. Kb2 c4 30. Rde1 cxb3 31. axb3 Rb8 32. Ra1 Rb5 33. Nd2
d5 34. e5 Ne8 35. Rhf1 Rxf1 36. Ngxf1 Bb4 37. Nb1 Rb6 38. Ne3 Rc6 39. Nc2 Nc7
40. Nxb4 axb4 41. Ra7 Ke8 42. Rb7 Na6 43. Rxg7 Nc7 44. Rg8+ Kf7 45. Rb8 Na6 46.
Rb7+ Kg6 47. Nd2 Kf5 48. Rf7+ Kg6 49. Rb7 h5 50. Nf3 Kf5 51. Rh7 Ke4 52. Rxh5
Kd3 53. Rh6 Nc7 54. Rf6 Nb5 55. Ne1+ Kd2 56. Rf1 Ke2 57. Rh1 Nxd4 58. h4 Rc3
59. h5 Rxb3+ 60. Ka2 Ra3+ 61. Kb2 Rb3+ 1/2-1/2

[Event "Detroit (MOR/1b/22)"]
[Site "?"]
[Date "1994.??.??"]
[Round "?"]
[White "Meza, Alex"]
[Black "Moulter, Art"]
[Result "1/2-1/2"]
[WhiteElo "1605"]
[BlackElo "1605"]
[PlyCount "139"]
[EventDate "1994.??.??"]

1. e4 e5 2. Nf3 Nc6 3. Bc4 h6 4. Nc3 Nf6 5. a3 Bc5 6. O-O d6 7. h3 Bd7 8. Na4
Bb6 9. Nxb6 axb6 10. d3 Na5 11. Ba2 O-O 12. Be3 Qc8 13. Kh2 Kh8 14. Qd2 Ng8 15.
d4 f5 16. Bxg8 f4 17. Ba2 fxe3 18. Qxe3 Nc6 19. dxe5 dxe5 20. Qc3 Qe8 21. Rad1
Qe7 22. Rd2 Rad8 23. Rfd1 Be8 24. Rxd8 Nxd8 25. Kg1 Nc6 26. Bd5 Qd6 27. Rd2 Qc5
28. Qxc5 bxc5 29. Bxc6 Bxc6 30. Nxe5 Bxe4 31. Re2 Bf5 32. g4 Bh7 33. Nd7 Rd8
34. Nxc5 b6 35. Na4 Rd1+ 36. Kh2 Rd4 37. Nc3 c6 38. Re8+ Bg8 39. Rc8 Rd2 40.
Ne4 Rxc2 41. b4 b5 42. Kg3 Kh7 43. f3 Bd5 44. Kf4 Rh2 45. Kg3 Ra2 46. Ra8 c5
47. Ra5 cxb4 48. axb4 Rxa5 49. bxa5 b4 50. Nd2 b3 51. Kf4 b2 52. a6 g5+ 53. Ke5
Bxf3 54. a7 Kg6 55. Nb1 h5 56. gxh5+ Kxh5 57. Kf5 Kh4 58. Na3 Kxh3 59. Kxg5 Kg2
60. Kf4 Kf2 61. Nb1 Ke2 62. Na3 Ba8 63. Ke5 Kd3 64. Kd6 Kc3 65. Kc7 Kb3 66. Nb1
Ka2 67. Nc3+ Ka1 68. Kb8 Bf3 69. a8=Q+ Bxa8 70. Kxa8 1/2-1/2

[Event "Detroit (MOR/3/55)"]
[Site "?"]
[Date "1994.??.??"]
[Round "?"]
[White "Meza, Alex"]
[Black "Khraizat, Ali"]
[Result "0-1"]
[WhiteElo "1605"]
[BlackElo "1605"]
[PlyCount "70"]
[EventDate "1994.??.??"]

{3/(55)} 1. e4 e6 2. Nf3 d5 3. exd5 exd5 4. h3 Bc5 5. Nc3 Bf5 6. Be2 Nc6 7. Bb5
Nge7 8. d3 a6 9. Ba4 b5 10. Bb3 a5 11. a3 b4 12. axb4 Bxb4 13. Bd2 O-O 14. O-O
Qd7 15. Kh2 Bd6+ 16. g3 Bxh3 17. Rh1 Nf5 18. Kxh3 Ne3+ 19. Kh2 Nxd1 20. Raxd1
Qg4 21. Kg2 f5 22. Bxd5+ Kh8 23. Ng5 h6 24. Nf7+ Rxf7 25. Bxf7 f4 26. Rxh6+
gxh6 27. Ne2 f3+ 28. Kg1 Qh3 29. Bc3+ Be5 30. Nf4 Qf5 31. Be6 Qg5 32. Re1 Bxc3
33. bxc3 Rf8 34. Re4 Ne5 35. Bd5 Rxf4 0-1

[Event "Detroit (MOR/5/51)"]
[Site "?"]
[Date "1994.??.??"]
[Round "?"]
[White "Meza, Alex"]
[Black "Hartwig, Thomas"]
[Result "0-1"]
[WhiteElo "1605"]
[BlackElo "1605"]
[PlyCount "64"]
[EventDate "1994.??.??"]

{5/(51)} 1. e4 c5 2. Nf3 d6 3. d4 cxd4 4. Nxd4 Nf6 5. Nc3 g6 6. Be3 Bg7 7. f3
O-O 8. Qd2 Nc6 9. O-O-O Nxd4 10. Bxd4 Be6 11. h4 Qa5 12. Kb1 Rac8 13. a3 a6 14.
Qc1 Nd7 15. Bxg7 Kxg7 16. g4 Ne5 17. h5 Rh8 18. Be2 Nc4 19. Bxc4 Bxc4 20. f4 h6
21. hxg6 fxg6 22. f5 g5 23. Rh3 Bf7 24. Qd2 Rc6 25. Rdh1 Rb6 26. Ka1 Rc6 27.
Rg1 Rhc8 28. Rgg3 Qe5 29. Re3 Qf4 30. Qg2 Rxc3 31. bxc3 Rxc3 32. Rxc3 Qc1# 0-1

[Event "Grand Rapids (MI Am/3/25)"]
[Site "?"]
[Date "1994.??.??"]
[Round "?"]
[White "Meyer, A."]
[Black "Smalec, Joseph"]
[Result "1-0"]
[WhiteElo "1605"]
[BlackElo "1605"]
[PlyCount "53"]
[EventDate "1994.??.??"]

{3/(25)} 1. f4 g6 2. Nf3 Bg7 3. e4 d5 4. e5 d4 5. d3 Nh6 6. h3 Nf5 7. Na3 e6 8.
Be2 Nh4 9. O-O Nxf3+ 10. Bxf3 Nc6 11. Nc4 Qh4 12. Bd2 Bh6 13. Be1 Qxf4 14.
Bxc6+ Bd7 15. Bxd7+ Kxd7 16. Rxf4 Bxf4 17. Qf3 Bh6 18. Qxf7+ Kd8 19. Bb4 b6 20.
Qe7+ Kc8 21. Qxe6+ Kb7 22. Rf1 Rae8 23. Qd5+ Kb8 24. Rf7 Rd8 25. Qc6 a5 26.
Qxc7+ Ka8 27. Qb7# 1-0

[Event "Grand Rapids (MI Am/1/35)"]
[Site "?"]
[Date "1994.??.??"]
[Round "?"]
[White "Meyer, A."]
[Black "Lynch, S."]
[Result "1-0"]
[WhiteElo "1605"]
[BlackElo "1605"]
[PlyCount "67"]
[EventDate "1994.??.??"]

{1/(35)} 1. c4 e5 2. Nc3 Nf6 3. Nf3 Be7 4. g3 O-O 5. Bg2 h6 6. O-O d6 7. h3 a6
8. Nd5 Nxd5 9. cxd5 b6 10. Nxe5 dxe5 11. d6 Bxd6 12. Bxa8 Bxh3 13. Bg2 Be6 14.
d3 c5 15. Bd2 Qf6 16. Bc3 Qe7 17. Qc2 f5 18. e3 b5 19. b3 Qa7 20. Rad1 Qe7 21.
d4 cxd4 22. exd4 e4 23. Qe2 Qf7 24. Bd2 Kh8 25. Be3 Kg8 26. Qd2 Kh7 27. Bf4 Ba3
28. Qa5 Qe7 29. d5 Bg8 30. d6 Qd7 31. Qxa3 Be6 32. Rc1 g6 33. Rc7 Qxc7 34. dxc7
1-0

[Event "Grand Rapids (MI Am/5/13)"]
[Site "?"]
[Date "1994.??.??"]
[Round "?"]
[White "Meyer, A."]
[Black "Brelitch, D."]
[Result "1-0"]
[WhiteElo "1605"]
[BlackElo "1605"]
[PlyCount "90"]
[EventDate "1994.??.??"]

{5/(13)} 1. c4 d6 2. d4 Nf6 3. Bg5 Nbd7 4. Nf3 g6 5. Nc3 Bg7 6. Qc1 O-O 7. Bh6
c5 8. Bxg7 Kxg7 9. e3 Qa5 10. Nd2 Qb6 11. d5 Ne5 12. Be2 Bg4 13. O-O Bxe2 14.
Nxe2 Nd3 15. Qc2 Ne5 16. Nf4 a6 17. b3 Rab8 18. Ne4 Nxe4 19. Qxe4 Qb4 20. Qc2
b5 21. Rab1 Rb7 22. cxb5 Qxb5 23. Qc3 c4 24. h3 cxb3 25. Rxb3 Qd7 26. Rfb1 Rxb3
27. Rxb3 Rc8 28. Qb2 Qc7 29. Nd3 f6 30. Rb7 Qd8 31. Nf4 Kf7 32. Ne6 Qe8 33. Qb6
Qa4 34. Qxd6 Re8 35. Qc7 Qxa2 36. Nd8+ Kf8 37. d6 Qd2 38. dxe7+ Kg8 39. Ne6
Qe1+ 40. Kh2 Nf3+ 41. Kg3 Ng5 42. Nxg5 fxg5 43. Rb8 Kf7 44. Rxe8 Kxe8 45. Qd8+
Kf7 1-0